书目信息 |
| 题名: |
城市规划管理信息系统的动态构建
|
|
| 作者: | 孙毅中 著 | |
| 分册: | ||
| 出版信息: | 北京 测绘出版社 2005.03 |
|
| 页数: | 130页 | |
| 开本: | 28cm | |
| 丛书名: | ||
| 单 册: | ||
| 中图分类: | TU984 | |
| 科图分类: | ||
| 主题词: | 城市规划--cheng shi gui hua--城市管理--管理信息系统 | |
| 电子资源: | ||
| ISBN: | 7-5030-1256-0 | |
| 000 | 00866nam0 2200241 450 | |
| 001 | 012006821406 | |
| 005 | 20060922161139.98 | |
| 010 | @a7-5030-1256-0@dCNY25.00 | |
| 100 | @a20060706d2005 km y0chiy0120 ea | |
| 101 | 0 | @achi |
| 102 | @aCN@b110000 | |
| 105 | @aa a 000yy | |
| 200 | 1 | @a城市规划管理信息系统的动态构建@Acheng shi gui hua guan li xin xi xi tong de dong tai gou jian@f孙毅中著@Fsun yi zhong zhu |
| 210 | @a北京@c测绘出版社@d2005.03 | |
| 215 | @a130页@c图@d28cm | |
| 300 | @a测绘科技专著出版基金资助。 | |
| 320 | @a有书目 (第128-131页)。 | |
| 330 | @a本书全面、系统地论述了城市规划管理信息系统(UPMIS)动态构建的基本原理、分析方法和实现途径。全书共7章。 | |
| 606 | 0 | @a城市规划@Acheng shi gui hua@x城市管理@x管理信息系统 |
| 690 | @aTU984@v4 | |
| 701 | 0 | @a孙毅中@Asun yi zhong@4著 |
| 801 | 0 | @aCN@bQSSK@c20060922 |
| 905 | @a10447@dTU984@eS979 | |
| 城市规划管理信息系统的动态构建/孙毅中著.-北京:测绘出版社,2005.03 |
| 130页:图;28cm |
| 测绘科技专著出版基金资助。 |
| ISBN 7-5030-1256-0:CNY25.00 |
| 本书全面、系统地论述了城市规划管理信息系统(UPMIS)动态构建的基本原理、分析方法和实现途径。全书共7章。 |
| ● |
| 相关链接 |
|
|
|
正题名:城市规划管理信息系统的动态构建
索取号:TU984/S979
 
预约/预借
| 序号 | 登录号 | 条形码 | 馆藏地/架位号 | 状态 | 备注 |
| 1 | 592957 | 205929575 | 建筑库201/201建筑库 60排6列5层/ [索取号:TU984/S979] | 在馆 | |
| 2 | 592958 | 205929584 | 建筑库201/201建筑库 60排6列5层/ [索取号:TU984/S979] | 在馆 | |
| 3 | 592959 | 205929593 | 建筑库201/201建筑库 60排6列5层/ [索取号:TU984/S979] | 在馆 |